[Event "24.Schlosspark-Open"]
[Site "Wiesbaden-Biebrich"]
[Date "2012.08.24"]
[Round "3.32"]
[White "Regis, Georg"]
[Black "Thomele, Michael"]
[Result "1-0"]
[WhiteElo "2137"]
[BlackElo "1895"]
[PlyCount "73"]
[EventDate "2012.??.??"]
[WhiteTeam "SAbt TuS Dotzheim"]
[BlackTeam "SC 1959 Obernau"]

1. e4 c5 2. Nf3 d6 3. d4 cxd4 4. Nxd4 Nf6 5. Nc3 a6 6. Bc4 e5 7. Nde2 Be7 8.
O-O O-O 9. Ng3 Nc6 10. Be3 Na5 11. Bd5 Nxd5 12. Nxd5 Nc4 13. Bc1 Nb6 14. Nxe7+
Qxe7 15. b3 Be6 16. Ba3 Rad8 17. Qd2 f5 18. exf5 Bxf5 19. Nxf5 Rxf5 20. Rad1
Nc8 21. c4 Rh5 22. Rfe1 Qh4 23. h3 e4 24. Qd4 Re8 25. Re3 Rf5 26. Rd2 Qf6 27.
Rxe4 Rxe4 28. Qxe4 Re5 29. Qg4 Re1+ 30. Kh2 Qe5+ 31. f4 Qe8 32. Bb2 Re7 33. Re2
g6 34. Rxe7 Nxe7 35. Qe6+ Kf8 36. Qxd6 Qc6 37. Ba3 1-0

[Event "24.Schlosspark-Open"]
[Site "Wiesbaden-Biebrich"]
[Date "2012.08.24"]
[Round "3.33"]
[White "Berberich, Christoph"]
[Black "Mager, Thomas"]
[Result "1-0"]
[WhiteElo "2085"]
[BlackElo "1883"]
[PlyCount "35"]
[EventDate "2012.??.??"]
[WhiteTeam "SK Freiburg Zähringen 1887 e.V."]
[BlackTeam "SK 1929 Mainaschaff"]

1. d4 f5 2. Bg5 g6 3. h4 Bg7 4. e3 c5 5. c3 cxd4 6. exd4 Nc6 7. Nf3 Qb6 8. Qb3
Qxb3 9. axb3 Nf6 10. b4 b6 11. Nbd2 O-O 12. Bc4+ e6 13. O-O Nd8 14. Ra3 h6 15.
Bf4 Bb7 16. Bd6 Re8 17. Ne5 Rc8 18. Bb5 1-0

[Event "24.Schlosspark-Open"]
[Site "Wiesbaden-Biebrich"]
[Date "2012.08.24"]
[Round "3.34"]
[White "Sandten, Ulrich"]
[Black "Rolf, Marco"]
[Result "1/2-1/2"]
[WhiteElo "2082"]
[BlackElo "1881"]
[PlyCount "80"]
[EventDate "2012.??.??"]
[WhiteTeam "SF Vonkeln 1931"]
[BlackTeam "SK Bad Homburg 1927"]

1. e4 e6 2. d3 d5 3. Nd2 Nf6 4. Ngf3 Bc5 5. e5 Nfd7 6. g3 O-O 7. Bh3 Be7 8. O-O
c5 9. Re1 Nc6 10. Nf1 b5 11. Bg2 a5 12. a3 Ba6 13. h4 h6 14. h5 b4 15. Bf4 bxa3
16. bxa3 Nb6 17. N1h2 d4 18. Qd2 Kh7 19. Ng4 Rh8 20. Bxh6 gxh6 21. Qxh6+ Kg8
22. Qf4 Nd5 23. Nh6+ Rxh6 24. Qxh6 Qf8 25. Qd2 Kh8 26. Re4 Qg7 27. Bh3 Qh7 28.
Ng5 Bxg5 29. Qxg5 Rg8 30. Qh4 Nce7 31. Rg4 Rxg4 32. Bxg4 Nc6 33. Rb1 Qh6 34.
Bf3 Nxe5 35. Bxd5 exd5 36. Kg2 Kg7 37. Rb8 c4 38. Qd8 Qxh5 39. Qf8+ Kf6 40.
Qd6+ Kg7 1/2-1/2

[Event "24.Schlosspark-Open"]
[Site "Wiesbaden-Biebrich"]
[Date "2012.08.24"]
[Round "3.35"]
[White "Ivkin, Michael"]
[Black "Sarközy, Benjamin"]
[Result "0-1"]
[WhiteElo "1827"]
[BlackElo "2075"]
[PlyCount "58"]
[EventDate "2012.??.??"]
[WhiteTeam "Wiesbadener SV 1885"]
[BlackTeam "SC Flörsheim 1921"]

1. d4 Nf6 2. Nf3 e6 3. e3 c5 4. Bd3 d5 5. b3 Be7 6. Bb2 O-O 7. Nbd2 b6 8. O-O
Bb7 9. Ne5 Ne4 10. Nxe4 dxe4 11. Be2 f6 12. Nc4 Nc6 13. dxc5 Bxc5 14. a3 Qc7
15. b4 Be7 16. b5 Rfd8 17. Qc1 Nb8 18. Nd2 Nd7 19. Nb3 Rac8 20. c4 Bd6 21. g3
e5 22. Bc3 a5 23. a4 f5 24. Qb2 Bd5 25. Rac1 Be6 26. f4 exf3 27. Rxf3 Qb7 28.
Nd2 Nc5 29. Bxe5 Bxe5 0-1

[Event "24.Schlosspark-Open"]
[Site "Wiesbaden-Biebrich"]
[Date "2012.08.24"]
[Round "3.36"]
[White "Neurohr, Jürgen"]
[Black "Anders, Eric"]
[Result "1/2-1/2"]
[WhiteElo "2068"]
[BlackElo "1842"]
[PlyCount "76"]
[EventDate "2012.??.??"]
[WhiteTeam "Sfr.Mainz 1928"]
[BlackTeam "TSV Schott Mainz"]

1. d4 Nf6 2. c4 g6 3. Nc3 Bg7 4. e4 d6 5. f4 O-O 6. Nf3 c5 7. d5 b5 8. cxb5 a6
9. a4 Bb7 10. Be2 axb5 11. Bxb5 Nbd7 12. O-O Ba6 13. Bd2 Bxb5 14. axb5 Nb6 15.
Qe2 Qc7 16. Ra6 Ra7 17. Rfa1 Rfa8 18. h3 Qb7 19. R1a2 Ne8 20. Qf1 Nc7 21. Rxa7
Rxa7 22. Qa1 Rxa2 23. Qxa2 Bxc3 24. bxc3 Nxb5 25. c4 Nc7 26. Bc3 Qa6 27. Qxa6
Nxa6 28. Nd2 Na4 29. Ba5 Nb2 30. Kf2 Nd3+ 31. Ke3 Nab4 32. Bxb4 Nxb4 33. Nf3 f6
34. g4 Kg7 35. e5 h6 36. exd6 exd6 37. f5 g5 38. Kd2 Kf7 1/2-1/2

[Event "24.Schlosspark-Open"]
[Site "Wiesbaden-Biebrich"]
[Date "2012.08.24"]
[Round "3.37"]
[White "Steimbach, Isabel"]
[Black "Giese, Tilman"]
[Result "0-1"]
[WhiteElo "1718"]
[BlackElo "2067"]
[PlyCount "78"]
[EventDate "2012.??.??"]
[WhiteTeam "OSG Baden-Baden"]
[BlackTeam "SC Turm Illingen"]

1. e4 g6 2. d4 Bg7 3. Nf3 d6 4. Nc3 a6 5. Be2 Nd7 6. O-O Ngf6 7. h3 O-O 8. e5
Ne8 9. e6 fxe6 10. Ng5 Ndf6 11. Bg4 Nxg4 12. Qxg4 e5 13. Ne6 exd4 14. Ne4 Nf6
15. Nxf6+ Bxf6 16. Bh6 Bxe6 17. Qxe6+ Rf7 18. Rae1 Qc8 19. Qb3 c5 20. Qd5 Qc6
21. Qe6 d5 22. Qg4 e5 23. f4 e4 24. f5 Bg7 25. Bxg7 Rxg7 26. Rf4 Re8 27. h4
gxf5 28. Qxf5 Qe6 29. Ref1 Qxf5 30. Rxf5 Rd8 31. R1f4 c4 32. g4 d3 33. cxd3
cxd3 34. Kf2 Rc7 35. Rg5+ Kh8 36. Rh5 Re7 37. Rff5 e3+ 38. Ke1 Rc7 39. Kf1 e2+
0-1

[Event "24.Schlosspark-Open"]
[Site "Wiesbaden-Biebrich"]
[Date "2012.08.24"]
[Round "3.38"]
[White "Feicht, Arno"]
[Black "Mang, Markus"]
[Result "1-0"]
[WhiteElo "2064"]
[BlackElo "1827"]
[PlyCount "83"]
[EventDate "2012.??.??"]
[WhiteTeam "Sfr. Anderssen Wetzlar"]
[BlackTeam "SG Kaiserslautern 1905"]

1. e4 e6 2. d4 d5 3. Nc3 Nf6 4. Bg5 Be7 5. e5 Nfd7 6. h4 a6 7. Qg4 f6 8. Qh5+
Kf8 9. exf6 Nxf6 10. Qe2 c5 11. Nf3 Nc6 12. dxc5 Qa5 13. O-O-O Qxc5 14. h5 h6
15. Be3 Qd6 16. Nh4 Kf7 17. Ng6 Re8 18. Bf4 Qd8 19. Ne5+ Kg8 20. Qd3 Nxe5 21.
Bxe5 Ng4 22. f4 Nxe5 23. fxe5 Bg5+ 24. Kb1 Qe7 25. Be2 Rf8 26. Bf3 Kh8 27. Ne2
Bd7 28. Ng1 Bb5 29. Qd4 Rf4 30. Qb6 Rc8 31. Nh3 Rfc4 32. Nxg5 hxg5 33. h6 Rxc2
34. hxg7+ Kxg7 35. Bxd5 Rxb2+ 36. Kxb2 Qb4+ 37. Bb3 Rc2+ 38. Kxc2 Bd3+ 39. Rxd3
Qxb6 40. Rd7+ Kg6 41. Kd1 Qb5 42. Bc2+ 1-0

[Event "24.Schlosspark-Open"]
[Site "Wiesbaden-Biebrich"]
[Date "2012.08.24"]
[Round "3.39"]
[White "Rüll, Michael"]
[Black "Syed, Tareq"]
[Result "0-1"]
[WhiteElo "1815"]
[BlackElo "2064"]
[PlyCount "50"]
[EventDate "2012.??.??"]
[WhiteTeam "SC 1952 Obertshausen"]
[BlackTeam "SC Brett vor'm Kopp Ffm"]

1. e4 c6 2. d3 e5 3. Nf3 d6 4. g3 Nf6 5. Bg2 Be7 6. O-O O-O 7. a4 a5 8. Na3
Nbd7 9. Ne1 Nc5 10. Bd2 Nxa4 11. Nc4 b5 12. Nxa5 Rxa5 13. Bxa5 Qxa5 14. b3 Nc3
15. Rxa5 Nxd1 16. d4 Nc3 17. dxe5 dxe5 18. Nd3 Bd6 19. Re1 Nd7 20. f4 Bc7 21.
Raa1 Bb6+ 22. Kf1 exf4 23. gxf4 Nf6 24. Nb4 Ng4 25. Bf3 Ne3+ 0-1

[Event "24.Schlosspark-Open"]
[Site "Wiesbaden-Biebrich"]
[Date "2012.08.24"]
[Round "3.40"]
[White "Diehm, Alexander"]
[Black "Dehning-Busse, Karsten"]
[Result "1-0"]
[WhiteElo "2059"]
[BlackElo "1824"]
[PlyCount "65"]
[EventDate "2012.??.??"]
[WhiteTeam "SC FK Babenhausen 1994"]
[BlackTeam "SF Lilienthal von 1971"]

1. d4 d6 2. c4 Nf6 3. Nc3 g6 4. e4 Bg7 5. Bg5 Nbd7 6. Nf3 e5 7. d5 a5 8. a3 b6
9. Bd3 h6 10. Be3 Nc5 11. Bc2 Bg4 12. O-O O-O 13. h3 Bxf3 14. Qxf3 Kh7 15. g4
Ng8 16. b4 Nd7 17. Na4 axb4 18. axb4 Qe7 19. Nc3 Ndf6 20. Ba4 Rfb8 21. Bc6 Rxa1
22. Rxa1 Qd8 23. Ra7 Ne7 24. g5 Nxc6 25. dxc6 Nh5 26. Qxf7 Nf4 27. h4 hxg5 28.
Rxc7 Qf8 29. Bxf4 gxf4 30. Nd5 Qxf7 31. Rxf7 Kg8 32. c7 Re8 33. Rd7 1-0

[Event "24.Schlosspark-Open"]
[Site "Wiesbaden-Biebrich"]
[Date "2012.08.24"]
[Round "3.41"]
[White "Schellen, Sven"]
[Black "Seidel, Jürgen"]
[Result "1-0"]
[WhiteElo "1805"]
[BlackElo "2059"]
[PlyCount "63"]
[EventDate "2012.??.??"]
[WhiteTeam "Sfr. Frankfurt 1921"]
[BlackTeam "SV 1920 Hofheim"]

1. d4 d6 2. c4 Nf6 3. Nc3 Nbd7 4. d5 e5 5. dxe6 fxe6 6. e4 Be7 7. Be3 c6 8. f3
e5 9. Qd2 Nf8 10. Bd3 Ne6 11. Nge2 Bd7 12. Ng3 Nd4 13. Bxd4 exd4 14. Nce2 c5
15. O-O O-O 16. b4 b6 17. bxc5 bxc5 18. Nf4 Rf7 19. Nd5 Bf8 20. Rab1 Ne8 21. f4
Bc6 22. e5 Bd7 23. Rbe1 Be6 24. Qc2 Qh4 25. Bf5 Bxf5 26. Nxf5 Qg4 27. Ng3 dxe5
28. fxe5 Rxf1+ 29. Rxf1 Qe6 30. Qf2 Be7 31. Nf5 Bg5 32. Nxd4 1-0

[Event "24.Schlosspark-Open"]
[Site "Wiesbaden-Biebrich"]
[Date "2012.08.24"]
[Round "3.42"]
[White "Stiefel, Roland"]
[Black "Anhalt, Albert"]
[Result "1-0"]
[WhiteElo "2059"]
[BlackElo "1807"]
[PlyCount "111"]
[EventDate "2012.??.??"]
[WhiteTeam "SSV Vimaria 91 Weimar"]
[BlackTeam "SG Turm Idstein"]

1. d4 d5 2. Bf4 Nf6 3. Nf3 e6 4. e3 Be7 5. h3 O-O 6. Bd3 Nbd7 7. O-O c5 8. c3
a6 9. Nbd2 b6 10. Rc1 Bb7 11. Qe2 c4 12. Bb1 b5 13. Rfd1 Re8 14. Ne5 Nf8 15.
Bh2 Qb6 16. f4 b4 17. cxb4 Qxb4 18. Ndf3 Rac8 19. Ng5 c3 20. bxc3 Rxc3 21. Rxc3
Qxc3 22. Ngxf7 Rc8 23. Ng5 Qa3 24. Bg3 h6 25. Ngf3 N6d7 26. Nxd7 Nxd7 27. f5
Rc1 28. Bf2 exf5 29. Bxf5 Nf6 30. Rxc1 Qxc1+ 31. Kh2 Bd6+ 32. Ne5 Bc8 33. Bxc8
Qxc8 34. Kh1 Qf5 35. Nf3 Qb1+ 36. Ne1 Ne4 37. Kg1 Bb4 38. g4 a5 39. Qc2 Qa1 40.
Qc8+ Bf8 41. Qe6+ Kh8 42. Qxd5 Nxf2 43. Kxf2 Qb2+ 44. Kf1 Bb4 45. Qa8+ Kh7 46.
Qe4+ Kh8 47. Nf3 Qxa2 48. g5 Qf7 49. g6 Qf8 50. Kg2 a4 51. Ne5 Be1 52. Nf7+ Kg8
53. Qd5 Qb8 54. Nxh6+ Kh8 55. Nf7+ Kg8 56. Nd6+ 1-0

[Event "24.Schlosspark-Open"]
[Site "Wiesbaden-Biebrich"]
[Date "2012.08.24"]
[Round "3.43"]
[White "Windhaus, Dirk"]
[Black "Baskin, Robert"]
[Result "0-1"]
[WhiteElo "1794"]
[BlackElo "2055"]
[PlyCount "28"]
[EventDate "2012.??.??"]
[WhiteTeam "SVG Eppstein 1932"]
[BlackTeam "SAbt TuS Makkabi Ffm"]

1. c4 e5 2. Nc3 Nf6 3. Nf3 Nc6 4. e3 Bb4 5. Qc2 O-O 6. Nd5 Re8 7. Bd3 h6 8. O-O
Bc5 9. a3 a5 10. b3 e4 11. Nxf6+ Qxf6 12. Bxe4 Rxe4 13. d4 Rg4 14. dxc5 Qxf3
0-1

[Event "24.Schlosspark-Open"]
[Site "Wiesbaden-Biebrich"]
[Date "2012.08.24"]
[Round "3.44"]
[White "Scharrer, Udo"]
[Black "Happel, Jonas"]
[Result "1/2-1/2"]
[WhiteElo "2054"]
[BlackElo "1758"]
[PlyCount "32"]
[EventDate "2012.??.??"]
[WhiteTeam "SG Stern Stuttgart"]
[BlackTeam "SV 1920 Hofheim"]

1. d4 d5 2. c4 c6 3. Nf3 Nf6 4. e3 e6 5. b3 Nbd7 6. Bb2 b6 7. Bd3 Bb7 8. O-O
dxc4 9. Bxc4 c5 10. dxc5 Bxc5 11. Qe2 O-O 12. Nc3 a6 13. Rfd1 b5 14. Bd3 Qe7
15. Rac1 Rfd8 16. Bb1 Rac8 1/2-1/2

[Event "24.Schlosspark-Open"]
[Site "Wiesbaden-Biebrich"]
[Date "2012.08.24"]
[Round "3.45"]
[White "Berkes, Jörg"]
[Black "Reinert, Stéphane"]
[Result "0-1"]
[WhiteElo "1790"]
[BlackElo "2050"]
[PlyCount "82"]
[EventDate "2012.??.??"]
[WhiteTeam "SK Langen"]
[BlackTeam "SC Bad Nauheim"]

1. Nf3 Nc6 2. e4 Nf6 3. Nc3 d5 4. e5 d4 5. exf6 dxc3 6. bxc3 gxf6 7. d4 Bg4 8.
Bb5 Qd5 9. c4 Qe4+ 10. Qe2 Bxf3 11. gxf3 Qxd4 12. Bxc6+ bxc6 13. Rb1 e6 14. Rb3
Bd6 15. Bb2 Qf4 16. Qe4 Qxe4+ 17. fxe4 Ke7 18. Rf1 Bxh2 19. f4 e5 20. Ba3+ Ke8
21. f5 h5 22. Rb7 Kd7 23. Rf3 h4 24. Kf1 Rhg8 25. Bc5 Rg4 26. Rd3+ Kc8 27. Rb1
Rb8 28. Rd8+ Kxd8 29. Rxb8+ Kd7 30. Rf8 Rxe4 31. Rxf7+ Kc8 32. c3 Rxc4 33. Bb4
Bf4 34. Ba5 e4 35. Rxf6 h3 36. Rf8+ Kb7 37. Rh8 Rc5 38. Bb4 Rxf5 39. Rxh3 a5
40. Ke2 axb4 41. cxb4 Bd6 0-1

[Event "24.Schlosspark-Open"]
[Site "Wiesbaden-Biebrich"]
[Date "2012.08.24"]
[Round "3.46"]
[White "Günther, Rainer"]
[Black "Kolker, Vladislav"]
[Result "0-1"]
[WhiteElo "1764"]
[BlackElo "2028"]
[PlyCount "78"]
[EventDate "2012.??.??"]
[WhiteTeam "SV Mainz-Mombach"]
[BlackTeam "SC Bad Nauheim"]

1. e4 e5 2. Bc4 Nf6 3. d3 Nc6 4. Nf3 Be7 5. a4 O-O 6. O-O d6 7. h3 h6 8. Be3 d5
9. exd5 Nxd5 10. Bxd5 Qxd5 11. Nc3 Qd8 12. Ne2 f5 13. Bd2 Bd6 14. Ng3 Bd7 15.
Bc3 Qf6 16. Re1 Rae8 17. Qd2 Kh7 18. b4 a6 19. Rab1 b5 20. axb5 axb5 21. d4 e4
22. Ne5 Bxe5 23. dxe5 Qf7 24. Rbd1 Be6 25. Qe3 Bc4 26. f4 exf3 27. Qxf3 Re6 28.
Rd2 g6 29. Qd1 Rfe8 30. Rd7 R8e7 31. Rxe7 Qxe7 32. Bd4 Nxb4 33. Nf1 Nc6 34. Qa1
Bd5 35. Nd2 Bxg2 36. Qc3 Bd5 37. Kh2 Qh4 38. Rg1 Qxd4 39. Qxd4 Nxd4 0-1

[Event "24.Schlosspark-Open"]
[Site "Wiesbaden-Biebrich"]
[Date "2012.08.24"]
[Round "3.48"]
[White "Stecken, Olaf"]
[Black "Marzahn, Heiko"]
[Result "0-1"]
[WhiteElo "1741"]
[BlackElo "2025"]
[PlyCount "44"]
[EventDate "2012.??.??"]
[WhiteTeam "SC Landskrone"]
[BlackTeam "Sfr.Erbach"]

1. c4 f5 2. g3 Nf6 3. Bg2 e6 4. e3 d5 5. Ne2 c6 6. O-O dxc4 7. Qc2 b5 8. Nbc3
Nd5 9. f4 Be7 10. b3 cxb3 11. axb3 O-O 12. Bb2 Nb4 13. Qc1 Qb6 14. Ba3 Rd8 15.
Nd4 Rxd4 16. exd4 Qxd4+ 17. Kh1 Nd3 18. Qc2 Bxa3 19. Rxa3 b4 20. Ra4 Nf2+ 21.
Rxf2 Qxf2 22. Rxb4 Qe1+ 0-1

[Event "24.Schlosspark-Open"]
[Site "Wiesbaden-Biebrich"]
[Date "2012.08.24"]
[Round "3.50"]
[White "Uhl, Patrick"]
[Black "Eg, Karlheinz"]
[Result "0-1"]
[WhiteElo "1739"]
[BlackElo "2025"]
[PlyCount "76"]
[EventDate "2012.??.??"]
[WhiteTeam "Sfr.Bitburg 1958"]
[BlackTeam "SV Rüsselsheim 1929"]

1. d4 Nf6 2. c4 g6 3. g3 c5 4. d5 d6 5. Nf3 Bg7 6. Nc3 O-O 7. Bg2 Na6 8. O-O
Bd7 9. Nd2 Nc7 10. e4 b5 11. Rb1 Rb8 12. Re1 Ng4 13. Ne2 Ne5 14. Qc2 bxc4 15.
Nxc4 Nxc4 16. Qxc4 Rb4 17. Qc2 Qb8 18. Bd2 Rb6 19. Bc3 f6 20. h4 Nb5 21. f4 Bg4
22. Kf2 Bxe2 23. Rxe2 Na3 24. bxa3 Rxb1 25. Bb2 Rxb2 26. Qxb2 Qc7 27. f5 Bh6
28. Qc2 Kg7 29. g4 Bf4 30. Qc3 c4 31. g5 Qc5+ 32. Kf3 Be5 33. Qc1 Rb8 34. h5 c3
35. hxg6 hxg6 36. fxg6 fxg5 37. Qxg5 Rf8+ 38. Kg4 Qc8+ 0-1

[Event "24.Schlosspark-Open"]
[Site "Wiesbaden-Biebrich"]
[Date "2012.08.24"]
[Round "3.51"]
[White "Keil, Roland"]
[Black "Pade, Joachim"]
[Result "1-0"]
[WhiteElo "2024"]
[BlackElo "1737"]
[PlyCount "57"]
[EventDate "2012.??.??"]
[WhiteTeam "SC Waiblingen 1921"]
[BlackTeam "Sfr. Anderssen Wetzlar"]

1. e4 e6 2. Nc3 Bb4 3. e5 Bxc3 4. dxc3 a6 5. Qg4 Ne7 6. Qxg7 Rg8 7. Qxh7 d5 8.
Nf3 c5 9. Bg5 Rf8 10. Bh6 Ng6 11. Bxf8 Nxf8 12. Qg8 Qe7 13. h4 Nc6 14. h5 Bd7
15. h6 O-O-O 16. h7 Ng6 17. Bd3 Nh8 18. O-O-O b5 19. Qg5 Qf8 20. Rh3 c4 21. Be2
a5 22. Rg3 Ng6 23. Nh4 Ncxe5 24. Nxg6 Nxg6 25. Bh5 Nh8 26. Qf6 Ng6 27. Bxg6
Qh6+ 28. Kb1 b4 29. Rh3 1-0

[Event "24.Schlosspark-Open"]
[Site "Wiesbaden-Biebrich"]
[Date "2012.08.24"]
[Round "3.52"]
[White "Puzzo, Peter"]
[Black "Kobs, Stephan"]
[Result "0-1"]
[WhiteElo "1732"]
[BlackElo "2019"]
[PlyCount "52"]
[EventDate "2012.??.??"]
[WhiteTeam "Sfr. Frankfurt 1921"]
[BlackTeam "SV Esens"]

1. d4 Nf6 2. c4 c5 3. d5 b5 4. cxb5 a6 5. bxa6 Bxa6 6. e3 Bxf1 7. Kxf1 d6 8.
Nf3 g6 9. Nc3 Bg7 10. g3 O-O 11. Kg2 Nbd7 12. Qc2 Qa5 13. Nd2 Rfb8 14. Nc4 Qa6
15. Na3 Ne5 16. Rd1 c4 17. f3 Nfd7 18. Rb1 Nc5 19. Ne2 Qa4 20. Nc3 Qxc2+ 21.
Nxc2 Ned3 22. Nd4 Na4 23. Nxa4 Rxa4 24. Nc6 Rb7 25. Rd2 Rxa2 26. Rc2 Ne1+ 0-1

[Event "24.Schlosspark-Open"]
[Site "Wiesbaden-Biebrich"]
[Date "2012.08.24"]
[Round "3.53"]
[White "Brandt, Michael"]
[Black "Muuss, Klaus"]
[Result "1-0"]
[WhiteElo "1726"]
[BlackElo "2010"]
[PlyCount "95"]
[EventDate "2012.??.??"]
[WhiteTeam "Wiesbadener SV 1885"]
[BlackTeam "VSF Flintbek"]

1. f4 e5 2. fxe5 d6 3. exd6 Bxd6 4. Nf3 g5 5. g3 g4 6. Nh4 Ne7 7. d4 Ng6 8.
Nxg6 hxg6 9. Qd3 Nc6 10. c3 Qe7 11. Bg2 Bf5 12. e4 O-O-O 13. Be3 Bd7 14. Nd2
Rxh2 15. Rxh2 Bxg3+ 16. Kd1 Bxh2 17. Kc2 Kb8 18. Rh1 g3 19. Nf1 f5 20. Kc1 Rf8
21. Nxh2 gxh2 22. Rxh2 f4 23. Bd2 g5 24. Bh1 a6 25. e5 Bf5 26. Be4 Bxe4 27.
Qxe4 Qe6 28. b3 Qg4 29. Rg2 Qh4 30. Qf3 Rh8 31. Rg4 Qh1+ 32. Qxh1 Rxh1+ 33. Kc2
f3 34. Be3 f2 35. Bxf2 Rh2 36. Kd3 Rxf2 37. Rxg5 Rf8 38. d5 Ne7 39. Ke4 Kc8 40.
e6 b5 41. c4 bxc4 42. bxc4 Rf1 43. Rg7 Kd8 44. Rf7 Rxf7 45. exf7 Ng6 46. Kf5
Nf8 47. Kf6 c5 48. Kg7 1-0

[Event "24.Schlosspark-Open"]
[Site "Wiesbaden-Biebrich"]
[Date "2012.08.24"]
[Round "3.54"]
[White "Giesau, Bernhard"]
[Black "Wüst, Klaus"]
[Result "0-1"]
[WhiteElo "1632"]
[BlackElo "2005"]
[PlyCount "28"]
[EventDate "2012.??.??"]
[WhiteTeam "SK Gau-Algesheim"]
[BlackTeam "Sfr. Wieseck"]

1. Nf3 Nf6 2. c4 g6 3. g3 Bg7 4. Bg2 O-O 5. O-O c5 6. Nc3 Nc6 7. Rb1 d6 8. b3
Bf5 9. d3 a6 10. Qd2 Rb8 11. Nh4 Bd7 12. f4 Ng4 13. e3 Nxe3 14. Qxe3 Bd4 0-1

[Event "24.Schlosspark-Open"]
[Site "Wiesbaden-Biebrich"]
[Date "2012.08.24"]
[Round "3.55"]
[White "Klein, Maximilian"]
[Black "Schöber, Sebastian"]
[Result "1/2-1/2"]
[WhiteElo "2002"]
[BlackElo "1699"]
[PlyCount "95"]
[EventDate "2012.??.??"]
[WhiteTeam "SC Idar-Oberstein"]
[BlackTeam "SC Rochade 69 Diez e. V."]

1. e4 c5 2. Nf3 e6 3. d4 cxd4 4. Nxd4 a6 5. Nc3 Qc7 6. Be2 Nf6 7. O-O Be7 8.
Be3 O-O 9. a4 b6 10. f4 d6 11. Bf3 Bb7 12. Qe1 Nbd7 13. Rd1 Rfe8 14. Nb3 Rad8
15. Kh1 e5 16. f5 Bc6 17. g4 Qb7 18. Bc1 h6 19. g5 hxg5 20. Bxg5 Nc5 21. Nxc5
dxc5 22. Rxd8 Rxd8 23. Rg1 Rd4 24. Bxf6 Bxf6 25. h4 b5 26. axb5 axb5 27. Rg4
Qd7 28. h5 b4 29. Nb1 Kh7 30. Qg1 Bxe4 31. Rxe4 Qxf5 32. Qg4 Qxg4 33. Rxg4 Rxg4
34. Bxg4 Kh6 35. Be2 Bg5 36. Kg2 g6 37. hxg6 Kxg6 38. Kf2 f5 39. Bc4 Bc1 40. b3
Kf6 41. Ke2 e4 42. Nd2 Bxd2 43. Kxd2 Ke5 44. c3 Kf4 45. cxb4 cxb4 46. Ke2 Ke5
47. Bf7 Kd4 48. Bc4 1/2-1/2

[Event "24.Schlosspark-Open"]
[Site "Wiesbaden-Biebrich"]
[Date "2012.08.24"]
[Round "3.56"]
[White "Maleski, Heinz"]
[Black "Rump, Andreas"]
[Result "0-1"]
[WhiteElo "1527"]
[BlackElo "1984"]
[PlyCount "58"]
[EventDate "2012.??.??"]
[WhiteTeam "SC Budenheim"]
[BlackTeam "SG Turm Idstein"]

1. d4 Nf6 2. Bf4 d5 3. e3 Bf5 4. Nf3 h6 5. Bd3 Bxd3 6. cxd3 c6 7. h3 e6 8. O-O
Bd6 9. Ne5 Qe7 10. Nd2 O-O 11. Rc1 Na6 12. a3 Rfc8 13. b4 Nc7 14. e4 Nb5 15.
Nxc6 bxc6 16. e5 Bb8 17. exf6 Qxf6 18. Bxb8 Raxb8 19. Nb3 Nxd4 20. Nc5 Qe7 21.
Re1 Rb5 22. Qa4 Rb6 23. Kf1 Nb5 24. Qb3 Qd6 25. Kg1 Nc7 26. a4 a5 27. Qc2 Rxb4
28. Qd2 e5 29. Rb1 Qxc5 0-1

[Event "24.Schlosspark-Open"]
[Site "Wiesbaden-Biebrich"]
[Date "2012.08.24"]
[Round "3.57"]
[White "Schmidt, Volker"]
[Black "Troeger, Beate"]
[Result "1-0"]
[WhiteElo "1982"]
[BlackElo "1309"]
[PlyCount "105"]
[EventDate "2012.??.??"]
[WhiteTeam "SAbt TuS Dotzheim"]
[BlackTeam "Vorw.Orient Mainz"]

1. c4 d6 2. g3 g6 3. Bg2 Bg7 4. Nf3 Nf6 5. Nc3 O-O 6. O-O Nc6 7. d4 e5 8. d5
Nb4 9. a3 Na6 10. e4 Bg4 11. h3 Bd7 12. Be3 Re8 13. Rc1 c5 14. dxc6 Bxc6 15.
Ne1 Nc5 16. Qc2 Rc8 17. Bxc5 dxc5 18. Nf3 Qc7 19. Rfd1 Bh6 20. Rb1 Rcd8 21. Nd5
Bxd5 22. cxd5 Qb6 23. Nd2 Bxd2 24. Rxd2 Rc8 25. Qc4 Qa6 26. Qxa6 bxa6 27. f3 c4
28. Rc2 Rc5 29. Rbc1 Rec8 30. Bf1 a5 31. Kf2 Kf8 32. Ke3 Nh5 33. Kf2 Ke7 34.
Rc3 Kd6 35. Be2 Nf6 36. Bd1 g5 37. Ba4 h5 38. Bc6 g4 39. hxg4 hxg4 40. Rxc4
Rxc4 41. Rxc4 gxf3 42. Kxf3 Nd7 43. Ra4 Rb8 44. b4 axb4 45. axb4 a5 46. b5 Nb6
47. Rxa5 Nc4 48. Ra8 Rb6 49. Kg4 Kc5 50. Kf5 Kd4 51. Ra4 Kc5 52. Rxc4+ Kxc4 53.
Kxe5 1-0

[Event "24.Schlosspark-Open"]
[Site "Wiesbaden-Biebrich"]
[Date "2012.08.24"]
[Round "3.58"]
[White "Hillgärtner, Walter"]
[Black "Bykov, Vyacheslav"]
[Result "1/2-1/2"]
[WhiteElo "1962"]
[BlackElo "1636"]
[PlyCount "121"]
[EventDate "2012.??.??"]
[WhiteTeam "SC Bad Nauheim"]
[BlackTeam "Wiesbadener SV 1885"]

1. d4 Nf6 2. Nf3 e6 3. c4 d5 4. Nc3 Bb4 5. Qb3 Nc6 6. e3 O-O 7. Bd3 Re8 8. O-O
Bf8 9. cxd5 exd5 10. a3 b6 11. Qc2 Bb7 12. Bd2 Ne7 13. Rac1 c5 14. Ne5 Nc6 15.
Nxc6 Bxc6 16. Bf5 g6 17. Bh3 Ne4 18. Nxe4 dxe4 19. dxc5 Bb5 20. Rfe1 Bxc5 21.
b4 Bf8 22. Bc3 Bg7 23. Bxg7 Kxg7 24. Red1 Qf6 25. g3 a5 26. Bd7 Bxd7 27. Rxd7
axb4 28. axb4 Re6 29. Rd4 h5 30. h4 Rae8 31. Qc7 R8e7 32. Qf4 Qxf4 33. gxf4 f5
34. Kg2 Kf6 35. Rc8 Kf7 36. b5 Re8 37. Rc2 R8e7 38. Rdc4 Rd7 39. Rb2 Ke7 40.
Rc8 Red6 41. Rg8 Kf7 42. Rh8 Ke6 43. Rc8 Rd5 44. Rb8 R7d6 45. Rg8 Kf7 46. Rb8
Rc5 47. Rb7+ Ke6 48. Rg7 Kf6 49. Rb7 Rc3 50. Rb8 Ke6 51. Rg8 Kd5 52. Rd2+ Rd3
53. Rc2 Rf6 54. Rd8+ Ke6 55. Rc6+ Ke7 56. Rb8 Rxc6 57. bxc6 Kd6 58. Rxb6 Kc7
59. Ra6 Rd6 60. Ra8 Kxc6 61. Rg8 1/2-1/2

[Event "24.Schlosspark-Open"]
[Site "Wiesbaden-Biebrich"]
[Date "2012.08.24"]
[Round "3.59"]
[White "Winand, Edgar"]
[Black "Spinnler, Wolfgang"]
[Result "1-0"]
[WhiteElo "1927"]
[BlackElo "1718"]
[PlyCount "109"]
[EventDate "2012.??.??"]
[WhiteTeam "SC Eschbach im Usinger Land"]
[BlackTeam "SC Landskrone"]

1. Nf3 Nf6 2. d4 e6 3. e3 b6 4. Bd3 Bb7 5. Nbd2 d5 6. O-O Bd6 7. b3 O-O 8. Bb2
Nbd7 9. Qe2 Re8 10. Ne5 Rc8 11. f4 Ne4 12. Rad1 f6 13. Nxd7 Qxd7 14. c4 Nxd2
15. Rxd2 dxc4 16. Bxc4 Bd5 17. Bb5 Bc6 18. Bd3 Bb7 19. e4 Bb4 20. Rdd1 Qf7 21.
f5 Kh8 22. Bc4 Bd5 23. Ba6 Rcd8 24. exd5 exf5 25. Qf3 g6 26. Bc4 Bd6 27. Rfe1
Qd7 28. Re6 b5 29. Bd3 c6 30. Rxe8+ Rxe8 31. dxc6 Qc7 32. g3 f4 33. Bc1 g5 34.
Rf1 Rf8 35. gxf4 g4 36. Qd5 a6 37. Bf5 h5 38. Bd7 f5 39. Bxf5 Qe7 40. Be6 Kg7
41. f5 Kf6 42. Qe4 Qc7 43. Bf4 Rh8 44. Bd7 Bxf4 45. Rxf4 Qa5 46. Qe5+ Kg5 47.
f6+ Kh4 48. Rf2 Qc3 49. f7 Rf8 50. Qg3+ Qxg3+ 51. hxg3+ Kxg3 52. Be8 h4 53. c7
a5 54. c8=Q a4 55. Qc7+ 1-0

[Event "24.Schlosspark-Open"]
[Site "Wiesbaden-Biebrich"]
[Date "2012.08.24"]
[Round "3.60"]
[White "Lorenz, Hermann"]
[Black "Ottway, Christopher"]
[Result "0-1"]
[WhiteElo "1691"]
[BlackElo "1913"]
[PlyCount "56"]
[EventDate "2012.??.??"]
[WhiteTeam "Sfr.Mainz 1928"]
[BlackTeam "Biebertaler SF"]

1. c4 g6 2. g3 Bg7 3. Bg2 d6 4. d4 Nf6 5. Nc3 O-O 6. e4 Nc6 7. Nge2 a6 8. O-O
Bg4 9. f3 Bd7 10. Rf2 Rb8 11. Bg5 h6 12. Be3 b5 13. b3 bxc4 14. bxc4 Na5 15.
Qc1 h5 16. Nd5 Nxd5 17. cxd5 c5 18. dxc5 dxc5 19. Rb1 Rxb1 20. Qxb1 Qc7 21. Qc2
Rc8 22. f4 e6 23. Nc3 Nc4 24. Bc1 Bd4 25. e5 Qa5 26. Ne4 Qe1+ 27. Bf1 Bxf2+ 28.
Qxf2 Qxe4 0-1